Raquel / (Registro nro. 11171)

Detalles MARC
000 -LIDER
fixed length control field 00714nam a22002537a 4500
001 - NÚMERO DE CONTROL
Identificador de número de control 001154
003 - IDENTIFICACDOR DE NÚMERO DE CONTROL
control field DO-SdBNP
005 - DATE AND TIME OF LATEST TRANSACTION
control field 20180201140413.0
007 - CAMPOS FIJOS DE DESCRIPCIÓN FÍSICA
fixed length control field 001154
008 - ELEMENTOS DE LONGITUD FIJA
fixed length control field 160817b 2002 sp||||| |||| 00| 0 spa d
020 ## - ISBN
International Standard Book Number 9788495722171
040 ## - FUENTE DE CATALOGACIÓN
Agencia que crea de manera original el registro BPMSU
Idioma de catalogación spa
Agencia que realiza la transcripción BPMSU
092 ## - LOCALLY ASSIGNED DEWEY DECIMAL CALL NUMBER
Número de clasificación xxxxxxxx
Número de ítem (Cutter) xxxxxxx
100 1# - ASIENTO PRINCIPAL -- NOMBRE PERSONAL
Nombre personal Simó Monllor, Isabel-Clara,
Fechas asociadas con el nombre 1943-
245 1# - MENCIÓN DE TITULO
Título Raquel /
Mención de responsabilidad Isabel-Clara Simó Monllor ; traducción Silvia Sanz
260 ## - PUBLICACIÓN, DISTRIBUCIÓN, ETC. (PIE DE IMPRENTA)
Lugar de publicación, distribución, etc Alzira, España :
Nombre del editor, distribuidor, etc. Algar,
Fecha de publicación, distribución, etc 2002.
300 ## - DESCRIPCIÓN FÍSICA
Extensión 182 p. :
Dimensiones 21 cm.
490 1# - MENCIÓN DE SERIES
Mención de serie Algar joven
Volume/sequential designation 9
700 1# - ASIENTO SECUNDARIO -- NOMBRE PERSONAL
Nombre personal Senz, Silvia,
Mención de responsabilidad tr.
830 #0 - ASIENTO SECUNDARIO DE SERIE--TÍTULO UNIFORME
Título uniforme Algar joven
Número de la parte o sección de una obra 9
942 ## - ADDED ENTRY ELEMENTS (KOHA)
Source of classification or shelving scheme Dewey Decimal Classification
Koha item type Libros
945 ## - INFORMACIÓN DE PROCESAMIENTO LOCAL
Información de procesamiento local Inventariado, 2018/ YL
956 ## - LOCAL ELECTRONIC LOCATION AND ACCESS (OCLC)
Nombre de host BTAVÁREZ
Número de acceso 10
Información de compresión 20161708
Trayectoria 001154
Existencias
Withdrawn status Lost status Source of classification or shelving scheme Damaged status Not for loan Home library Current library Date acquired Source of acquisition Total Checkouts Barcode Date last seen Price effective from Koha item type
    Dewey Decimal Classification     Biblioteca Pública Metropolitana Salomé Ureña Biblioteca Pública Metropolitana Salomé Ureña 08/17/2016 Fundi   BPMSU16080201 08/17/2016 08/17/2016 Libros